| 000 | 00000nam 2200000zi 4500 |
| 001 | 9.904420 |
| 003 | CaOODSP |
| 005 | 20230906152254 |
| 006 | m o d f |
| 007 | cr mn||||||||| |
| 008 | 211026e202205 onc o f000 0 fre d |
| 020 | |a9780660407272 |
| 040 | |aCaOODSP|bfre|erda|cCaOODSP |
| 043 | |an-cn--- |
| 045 | |ay1y2 |
| 086 | 1 |aHP40-251/2-2020F-PDF |
| 245 | 00|aRapport d'étape 2019-2020 : |bplan d'action quinquennal du gouvernement du Canada sur les infections transmissibles sexuellement et par le sang. |
| 264 | 1|aOttawa (Ontario) : |bGouvernement du Canada = Government of Canada, |cmai 2022. |
| 264 | 4|c©2022 |
| 300 | |a1 ressource en ligne (16 pages) |
| 336 | |atexte|btxt|2rdacontent/fre |
| 337 | |ainformatique|bc|2rdamedia/fre |
| 338 | |aressource en ligne|bcr|2rdacarrier/fre |
| 500 | |aPublié aussi en anglais sous le titre : 2019-2020 progress report : Government of Canada five-year action plan on sexually transmitted and blood-borne infections. |
| 500 | |a« Pub. : 220078 » -- Verso de la couverture. |
| 650 | 6|aInfections transmissibles sexuellement|xPolitique gouvernementale|zCanada. |
| 650 | 6|aInfections à diffusion hématogène|xPolitique gouvernementale|zCanada. |
| 710 | 2 |aAgence de santé publique du Canada, |eorganisme de publication. |
| 775 | 08|t2019-2020 progress report : |w(CaOODSP)9.904413 |
| 794 | |t2020-2022 rapport d'étape : |w(CaOODSP)9.920905 |
| 856 | 40|qPDF|s703 Ko|uhttps://publications.gc.ca/collections/collection_2022/aspc-phac/HP40-251-2-2020-fra.pdf |
| 856 | 4 |qHTML|sS.O.|uhttps://www.canada.ca/fr/sante-publique/services/publications/maladies-et-affections/rapport-etape-2019-2020-plan-action-infections-transmissibles-sexuellement-sang.html |
| 986 | |a220078 |